Countries that RULED OVER 'INDIA' - Statistics

General Stats
  • This quiz has been taken 12 times
  • The average score is 2 of 11
Answer Stats
Answer % Correct
Portugal
67%
Britain
50%
French
25%
Dutch
8%
Japanese
8%
Afghanistan ( Mahmud Ghazni )
0%
Austria
0%
Dano - Norwegian
0%
Mongolia (in the form of Babar Mughal Emperor)
0%
Republic of Ragusa
0%
Sweden
0%
No matching quizzes found
Score Distribution
Percent of People with Each Score
Percentile by Number Answered
Your Score History
You have not taken this quiz